000 00424nam a2200181Ia 4500
001 19757
005 20260306172716.0
008 260306t2009||||xx |||||||||||||| ||spa||
041 _aESP
082 _a341
_bT19
100 _aTantaleán Odar, Christian Fernando
_eAUT
245 0 _aEl origen ontológico del derecho
260 _c2009
300 _a
_c
650 _aGEN
654 _aCDE
942 _cLIB
_dJUS
_fJUS
_2ddc
_n
999 _c19757
_d19757